000 00311nam a22001457a 4500
008 230912b ||||| |||| 00| 0 eng d
020 _a9780142000533
041 _aeng
080 _a521
082 _a521EHR
100 _a19
101 _aASTRO
245 _aHUMAN NATURES
_cEHRLICH .R.P
942 _2udc
_cBK
999 _c60342
_d60342